Estudio de la cuestión de límites entre las repúblicas del Perú y del Ecuador

Saved in:
Bibliografiske detaljer
Hovedforfatter: Santamaría de Paredes, Vicente (Author)
Format: Bog
Sprog:spansk
Udgivet: Madrid Hijos de M. G. Hernández 1907
Fag:
Tags: Tilføj Tag
Ingen Tags, Vær først til at tagge denne postø!

MARC

LEADER 00000nam a2200000 a 4500
001 UCH2427
003 CL-VaPUC
008 090611e19070000SP |||||||||||||||||spa|d
082 0 4 |a 320.12  |b SAN  |2 21 
100 0 |a Santamaría de Paredes, Vicente  |e author  |9 537236 
245 1 0 |a Estudio de la cuestión de límites entre las repúblicas del Perú y del Ecuador 
300 |a 307 p 
942 |c BK 
945 |d 20090611 00:00:00  |a dcastane 
260 |a Madrid  |b Hijos de M. G. Hernández  |c 1907 
650 0 |a Límites   |9 255439 
650 7 |a CONTROVERSIAS LIMITROFES  |2 CL-VaPUC  |9 504210 
651 0 |a Perú  |9 256567 
651 0 |a Ecuador  |9 258378 
583 |a last modification  |c 20090611 00:00:00  |k Rodrigo Vera 
999 |c 334167  |d 334165 
952 |0 0  |1 0  |4 0  |6 320_120000000000000_SAN_1907  |7 0  |8 X  |9 423001  |a FDOBUD  |b FDOBUD  |d 2019-11-22  |i 4555813  |o 320.12 SAN 1907  |p 4555813  |r 2019-11-22  |w 2019-11-22  |y BK_X  |k BUD